Wszystkie Kluby Serie A (2019-20) - Statystyki

Ogólne statystyki
  • Ten quiz został rozwiązany 89 razy
  • Średni wynik to 13 z 20
Statystyki odpowiedzi
Klub % Poprawnych
Juventus
100%
Inter
99%
AC Milan
96%
Napoli
90%
AS Roma
77%
Lazio
77%
Fiorentina
75%
Torino
71%
Genoa
67%
Atalanta
66%
Sassuolo
64%
Sampdoria
60%
Bologna
59%
Udinese
58%
Brescia
52%
Cagliari
49%
Parma
48%
Lecce
41%
SPAL
41%
Hellas Werona
19%
Nie znaleziono quizów pasujących do podanych kryteriów
Rozkład punktacji
Procent ludzi z każdym wynikiem
Percentyl według liczby udzielonych odpowiedzi
Twoja historia wyników
Nie rozwiązałeś tego quizu